000 00617nam a2200265Ia 4500
005 20260306163845.0
008 008 260114s9999 xx 000 0 eng d
020 _a9781447307587
037 _aEBOOK
040 _aCRL
040 _beng
040 _cCRL
041 _2eng
041 _aeng
084 _qCRL
100 _aSquires, Lea
_91129507
245 0 _aCriminalisation And Advanced Marginality
260 _bThe Policy Press
260 _c2013
650 _aSocial Work
856 _uhttps://academic.oup.com/book/22087
942 _cEBOOK
999 _c1711767
_d1711767